000 00675nam a2200193Ia 4500
008 0000001993 fr a 0000000000fre00
090 _aPSP00 C15c
100 1 _aCampano, Miguel Angel
_d1948
245 1 0 _aCampano 19791993
_b: la peinture vue comme un outil
300 _a45 p.
_c/ 30 cm.
500 _aCon el patronazgo del maestro venezolano Jesús Rafael Soto (q.e.p.d.)
600 0 0 _aCAMPANO, MIGUEL ANGEL, 1948/
_xTRABAJOS PICTORICOS
650 1 4 _aARTE CONTEMPORANEO ESPAÑOL
650 1 4 _xCATALOGOS
650 1 4 _xEXPOSICIONES
650 1 4 _aPINTORES ESPAÑOLES
650 1 4 _aPINTURA ESPAÑOLA
999 _c4401
_d4401
260 _aSète : Espace Fortant de France
_c1993